Largest Cities in Sweden - Statistics

General Stats
  • This quiz has been taken 79 times
  • The average score is 24 of 58
Answer Stats
Population City % Correct
646.300 Gothenburg
98%
1.728.200 Stockholm
98%
316.600 Malmö
94%
161.000 Uppsala
83%
88.400 Umeå
66%
97.900 Jönköping
65%
114.600 Linköping
65%
92.400 Lund
63%
96.800 Norrköping
63%
76.800 Gävle
62%
109.900 Helsingborg
62%
48.600 Luleå
62%
120.700 Örebro
62%
67.300 Karlstad
60%
123.000 Västerås
60%
40.000 Kalmar
57%
58.400 Sundsvall
54%
68.100 Växjö
52%
39.900 Falun
51%
24.300 Visby
51%
74.900 Eskilstuna
49%
80.900 Borås
48%
52.500 Östersund
48%
44.600 Borlänge
46%
23.400 Piteå
46%
49.900 Trollhättan
45%
40.900 Kristianstad
43%
37.200 Karlskrona
38%
33.000 Nyköping
38%
35.800 Skellefteå
37%
38.100 Skövde
35%
27.200 Lidköping
34%
31.400 Motala
31%
30.400 Trelleborg
31%
21.400 Västervik
29%
24.700 Falkenberg
28%
20.400 Karlshamn
28%
27.900 Karlskoga
28%
20.700 Norrtälje
28%
33.000 Örnsköldsvik
28%
36.000 Uddevalla
28%
28.800 Ängelholm-Vejbystrand
26%
23.400 Enköping
25%
35.200 Varberg
25%
27.300 Alingsås
23%
33.000 Landskrona
22%
23.700 Vänersborg
22%
29.200 Märsta
20%
25.500 Sandviken
20%
24.300 Katrineholm
18%
43.900 Lidingö
18%
27.800 Lerum
17%
42.200 Tumba
17%
32.600 Vallentuna
15%
35.400 Åkersberga
14%
23.400 Gustavsberg-Hemmesta
9%
23.900 Björlanda-Torslanda
6%
73.400 Södertäje
2%
No matching quizzes found
Score Distribution
Percent of People with Each Score
Percentile by Number Answered
Your Score History
You have not taken this quiz